Normal view
MARC view
- Williams, Sarah,
Entry Personal Name
001 - CONTROL NUMBER
- control field: 120244
003 - CONTROL NUMBER IDENTIFIER
- control field: NUST
005 - DATE AND TIME OF LATEST TRANSACTION
- control field: 20240201183719.0
008 - FIXED-LENGTH DATA ELEMENTS
- fixed length control field: 240201|| aca||aabn | a|a d
040 ## - CATALOGING SOURCE
- Original cataloging agency: NUST
- Transcribing agency: NUST
100 ## - HEADING--PERSONAL NAME
- Personal name: Williams, Sarah,
- Dates associated with a name: 1974 January 4-
670 ## - SOURCE DATA FOUND
- Source citation: Work cat.: (NUST)0: Dixon, Martin (Martin J.) author. 120241, Cases & materials on International law /
